<?xml version="1.0" encoding="UTF-8"?>
<record
    xmlns:xsi="http://www.w3.org/2001/XMLSchema-instance"
    xsi:schemaLocation="http://www.loc.gov/MARC21/slim http://www.loc.gov/standards/marcxml/schema/MARC21slim.xsd"
    xmlns="http://www.loc.gov/MARC21/slim">

  <leader>00931nam a22002177a 4500</leader>
  <datafield tag="999" ind1=" " ind2=" ">
    <subfield code="c">65350</subfield>
    <subfield code="d">65350</subfield>
  </datafield>
  <controlfield tag="005">20240530110820.0</controlfield>
  <controlfield tag="008">190115s1995    ua a   f      000 0 ara d</controlfield>
  <datafield tag="017" ind1=" " ind2=" ">
    <subfield code="a">15/0445</subfield>
    <subfield code="b">&#x627;&#x644;&#x633;&#x639;&#x648;&#x62F;&#x64A;&#x629; . &#x645;&#x643;&#x62A;&#x628;&#x629; &#x627;&#x644;&#x645;&#x644;&#x643; &#x641;&#x647;&#x62F; &#x627;&#x644;&#x648;&#x637;&#x646;&#x64A;&#x629;</subfield>
  </datafield>
  <datafield tag="020" ind1=" " ind2=" ">
    <subfield code="a">9960775143</subfield>
  </datafield>
  <datafield tag="040" ind1=" " ind2=" ">
    <subfield code="a">EG-CaGPL</subfield>
    <subfield code="c">EG-CaGPL</subfield>
  </datafield>
  <datafield tag="082" ind1="0" ind2="4">
    <subfield code="2">21</subfield>
    <subfield code="a">793.73 /</subfield>
    <subfield code="b">&#x623; &#x643;</subfield>
  </datafield>
  <datafield tag="100" ind1="0" ind2=" ">
    <subfield code="a">&#x627;&#x634;&#x631;&#x641; &#x635;&#x644;&#x627;&#x62D; &#x627;&#x644;&#x645;&#x647;&#x62F;&#x627;&#x648;&#x649; </subfield>
  </datafield>
  <datafield tag="245" ind1="1" ind2="2">
    <subfield code="a">&#x627;&#x644;&#x643;&#x648;&#x643;&#x628; &#x627;&#x644;&#x645;&#x646;&#x64A;&#x631; &#x648;&#x627;&#x644;&#x645;&#x631;&#x62C;&#x639; &#x627;&#x644;&#x64A;&#x633;&#x64A;&#x631; :</subfield>
    <subfield code="b">&#x641;&#x649; &#x627;&#x644;&#x627;&#x62D;&#x627;&#x62C;&#x649; &#x648;&#x627;&#x644;&#x645;&#x633;&#x627;&#x628;&#x642;&#x627;&#x62A; &#x648;&#x627;&#x644;&#x645;&#x639;&#x627;&#x631;&#x641; &#x648;&#x627;&#x644;&#x645;&#x639;&#x644;&#x648;&#x645;&#x627;&#x62A; &#x648;&#x627;&#x644;&#x637;&#x648;&#x627;&#x626;&#x641; &#x648;&#x627;&#x644;&#x627;&#x62E;&#x62A;&#x628;&#x627;&#x631;&#x627;&#x62A; &#x648;&#x627;&#x644;&#x62A;&#x633;&#x627;&#x644;&#x649; &#x648;&#x627;&#x644;&#x627;&#x628;&#x62A;&#x633;&#x627;&#x645;&#x627;&#x62A; /</subfield>
    <subfield code="c">&#x627;&#x634;&#x631;&#x641; &#x635;&#x644;&#x627;&#x62D; &#x627;&#x644;&#x645;&#x647;&#x62F;&#x627;&#x648;&#x649; </subfield>
  </datafield>
  <datafield tag="250" ind1=" " ind2=" ">
    <subfield code="a">&#x637;.1</subfield>
  </datafield>
  <datafield tag="260" ind1=" " ind2=" ">
    <subfield code="a">&#x627;&#x644;&#x631;&#x64A;&#x627;&#x636; :</subfield>
    <subfield code="b">&#x639;&#x627;&#x644;&#x645; &#x627;&#x644;&#x643;&#x62A;&#x628;&#x60C;</subfield>
    <subfield code="c">1995.</subfield>
  </datafield>
  <datafield tag="300" ind1=" " ind2=" ">
    <subfield code="a">129 &#x635;. :</subfield>
    <subfield code="b">&#x627;&#x64A;&#x636; &#x61B;</subfield>
    <subfield code="c">24 &#x633;&#x645;.</subfield>
  </datafield>
  <datafield tag="650" ind1="0" ind2="7">
    <subfield code="2">qrmak</subfield>
    <subfield code="a">&#x627;&#x644;&#x645;&#x633;&#x627;&#x628;&#x642;&#x627;&#x62A; &#x627;&#x644;&#x62A;&#x631;&#x641;&#x64A;&#x647;&#x64A;&#x629; </subfield>
  </datafield>
  <datafield tag="651" ind1=" " ind2=" ">
    <subfield code="2">qrmak</subfield>
  </datafield>
  <datafield tag="942" ind1=" " ind2=" ">
    <subfield code="2">ddc</subfield>
    <subfield code="c">BK</subfield>
  </datafield>
  <datafield tag="952" ind1=" " ind2=" ">
    <subfield code="0">0</subfield>
    <subfield code="1">0</subfield>
    <subfield code="4">0</subfield>
    <subfield code="7">0</subfield>
    <subfield code="a">CAI</subfield>
    <subfield code="b">CAI</subfield>
    <subfield code="c">ART-LIBRARY</subfield>
    <subfield code="d">2019-07-13</subfield>
    <subfield code="l">0</subfield>
    <subfield code="o">793.73 / &#x623; &#x643;</subfield>
    <subfield code="p">166083</subfield>
    <subfield code="r">2019-07-13 00:00:00</subfield>
    <subfield code="w">2019-07-13</subfield>
    <subfield code="y">BK</subfield>
  </datafield>
  <datafield tag="952" ind1=" " ind2=" ">
    <subfield code="0">0</subfield>
    <subfield code="1">0</subfield>
    <subfield code="4">0</subfield>
    <subfield code="7">0</subfield>
    <subfield code="a">CAI</subfield>
    <subfield code="b">CAI</subfield>
    <subfield code="c">ART-LIBRARY</subfield>
    <subfield code="d">2019-07-13</subfield>
    <subfield code="l">0</subfield>
    <subfield code="o">793.73 / &#x623; &#x643;</subfield>
    <subfield code="p">166084</subfield>
    <subfield code="r">2019-07-13 00:00:00</subfield>
    <subfield code="w">2019-07-13</subfield>
    <subfield code="y">BK</subfield>
  </datafield>
</record>
